MARC

Tag First Indicator Second Indicator Subfields
LEADER 00000cam a22000001 4500
001 in00000054048
005 20240327130814.0
008 740516s1949 enk 000 0 eng
010 |a  49005131  
016 7 |a 002242845  |2 Uk 
016 |a (AMICUS)000002482870 
019 |a 888508  |a 314558670  |a 493371025  |a 976673729  |a 979631391  |a 980077087  |a 1141619862  |a 1170596304  |a 1248422447 
029 1 |a AU@  |b 000005220245 
029 1 |a AU@  |b 000011504373 
029 1 |a AU@  |b 000047932401 
029 1 |a DEBBG  |b BV005655850 
029 1 |a DEBBG  |b BV006998398 
029 1 |a DEBSZ  |b 060641592 
029 1 |a GEBAY  |b 8001757 
029 1 |a HEBIS  |b 184032431 
029 1 |a NZ1  |b 5542181 
029 1 |a NZ1  |b 649088 
029 1 |a ZWZ  |b 094312907 
029 1 |a NLNZL  |b 996490883502836 
029 1 |a NLC  |b 000002482870 
035 |a (OCoLC)ocm16739718  
035 |a (OCoLC)16739718  |z (OCoLC)888508  |z (OCoLC)314558670  |z (OCoLC)493371025  |z (OCoLC)976673729  |z (OCoLC)979631391  |z (OCoLC)980077087  |z (OCoLC)1141619862  |z (OCoLC)1170596304  |z (OCoLC)1248422447 
035 |a (OCoLC)ocm16739718  
040 |a DLC  |b eng  |c ORZ  |d DLC  |d VTU  |d EUX  |d ZWZ  |d HEBIS  |d DEBBG  |d UKMGB  |d OCLCF  |d OCLCQ  |d OCL  |d OCLCO  |d OCL  |d OCLCQ  |d CNUTO  |d OCLCQ  |d NLC  |d OCLCO  |d OCLCQ  |d BDP  |d OCLCA  |d LUN  |d IL4J6  |d OCLCQ  |d CHUNN  |d OCLCO  |d OCLCL  |d OCLCQ  |d OCLCL 
043 |a e------  |a e-uk--- 
050 0 0 |a D843  |b .H38 
055 4 |a D843 H39 
082 0 4 |a 341.184  |b H319w 
084 |a MK 5050  |2 rvk 
084 |a MK 5100  |2 rvk 
100 1 |a Hawtrey, R. G.  |q (Ralph George),  |d 1879-1975.  |1 https://id.oclc.org/worldcat/entity/E39PBJd3Jy9yCbrb4yddmY8pyd 
245 1 0 |a Western European union;  |b implications for the United Kingdom. 
260 |a London,  |a New York,  |b Royal Institute of International Affairs  |c [1949] 
300 |a 126 pages  |c 22 cm 
336 |a text  |b txt  |2 rdacontent 
337 |a unmediated  |b n  |2 rdamedia 
338 |a volume  |b nc  |2 rdacarrier 
505 0 |a Based on discussions of a Study Group of the Royal Institute of International Affairs. 
583 |a commitment to retain  |c 20151208  |2 pda  |5 OTUTLD 
650 0 |a European federation. 
651 0 |a Great Britain  |x Foreign relations  |y 1945-1964. 
650 6 |a Construction européenne. 
651 6 |a Grande-Bretagne  |x Relations extérieures  |y 1945-1964. 
650 7 |a European federation.  |2 fast  |0 (OCoLC)fst00916717 
650 7 |a Diplomatic relations.  |2 fast  |0 (OCoLC)fst01907412 
651 7 |a Great Britain.  |2 fast  |0 (OCoLC)fst01204623  |1 https://id.oclc.org/worldcat/entity/E39PBJdmp7p3cx8hpmJ8HvmTpP 
650 7 |a Europäische Integration  |2 gnd 
650 7 |a Geschichte  |2 gnd 
651 7 |a Europe, Western  |x History.  |2 nli 
650 7 |a European federation.  |2 nli 
651 7 |a Great Britain  |x Foreign relations  |y 1945-1964.  |2 nli 
650 7 |a INTERNATIONAL RELATIONS.  |2 unbist 
648 7 |a 1945-1964  |2 fast 
758 |i has work:  |a Western Europe Union (Text)  |1 https://id.oclc.org/worldcat/entity/E39PCGMCFQ9TJX3JR3YTXMdKgq  |4 https://id.oclc.org/worldcat/ontology/hasWork 
776 0 8 |i Online version:  |a Hawtrey, R.G. (Ralph George), 1879-1975.  |t Western European union.  |d London, New York, Royal Institute of International Affairs [1949]  |w (OCoLC)569432951 
948 |h HELD BY TXA - 277 OTHER HOLDINGS 
994 |a Z0  |b TXA 
999 f f |s 2bfcd095-18cd-3c5a-ace6-09d544e5f31b  |i be8aa97c-5dbc-3a2b-97e6-ffc9a258e8e1  |t 0 
952 f f |p ric  |a Texas A&M University  |b Rellis Campus  |c Joint Library Facility  |d Remote Storage  |t 0  |e D843 .H38 1949  |h Library of Congress classification  |i unmediated -- volume  |m A14800783508 
998 f f |a D843 .H38 1949  |t 0  |l Remote Storage